000 00482nam a2200169Ia 4500
999 _c8429
_d8429
003 OSt
005 20201008122656.0
008 190216s9999||||xx |||||||||||||| ||und||
040 _coclc
082 _a004
_bNAI/C
100 _aNair, C G Sukumaran
_95471
245 0 _aComputer Science /
_cC G Sukumaran Nair
260 _bCosmo Publications,
_c1994.
_aNew Delhi:
300 _a546p
650 _aGeneral Libraries
942 _cBK
_2ddc
_h004
_iNAI/C
_k004
_mNAI/C